000 00191 a2200097 4500
020 _a9780771087899
041 _aeng
100 _aWaters, Sarah
245 _aThe little strangers
942 _cBK
999 _c31370
_d31368